Synonyms of Big - Statistics

General Stats
  • This quiz has been taken 927 times
    920 since last reset
  • The average score is 7 of 25
Answer Stats
Big % Correct
Huge
93%
Large
89%
Gigantic
84%
Enormous
64%
Massive
54%
Great
39%
Humongous
34%
Grand
30%
Colossal
25%
Gargantuan
21%
Vast
21%
Wide
21%
Titanic
17%
Immense
15%
Mega
15%
Super
14%
Monstrous
12%
Mammoth
11%
Jumbo
10%
Sizeable
10%
Voluminous
7%
Macro
4%
Monumental
4%
Whopping
3%
Monolithic
2%
No matching quizzes found
Score Distribution
Percent of People with Each Score
Percentile by Number Answered
Your Score History
You have not taken this quiz since the last reset